| 000 | 00880nam a2200265 a 4500 | ||
|---|---|---|---|
| 999 |
_c6242 _d6242 |
||
| 001 | 6242 | ||
| 003 | BD - Jhcc | ||
| 005 | 20180117175808.0 | ||
| 008 | 950428s1963 enka 000 0 eng d | ||
| 035 | _a(BD - Jhcc)6242 | ||
| 040 |
_aDLC _cYNG _dOCL _dUKM _dEQO _dBD - Jhcc |
||
| 041 | _aeng | ||
| 050 | 0 |
_aQA552 _b.S65 1963 |
|
| 082 |
_a516 _bEUL 1954 |
||
| 100 | 1 | _aFuller, Gordon | |
| 245 | 1 | 0 |
_aAnalytical geometry / _cFuller, Gordon |
| 260 |
_aOxford : _bPergamon, _c1954. |
||
| 300 |
_a204 p. : _bill. ; _c24 cm |
||
| 490 | 1 |
_aCommonwealth and international library of science, technology, engineering, and liberal studies. Mathematics division ; _vv. 9 |
|
| 500 | _a"161." | ||
| 650 | 0 |
_aGeometry, Analytic _xPlane |
|
| 830 | 0 |
_aCommonwealth and international library of science, technology, engineering, and liberal studies. _vv. 9 |
|
| 942 |
_2ddc _cBK |
||